000 00621nam a2200277Ia 4500
005 20260324131811.0
008 008 260324s9999 xx 000 0 eng d
020 _a9780429485350
037 _aEBOOK
040 _aCRL
040 _beng
040 _cCRL
041 _2eng
041 _aeng
084 _qCRL
100 _aJenny Stoker
_91186873
245 0 _aYou and Your Toddler
260 _bTaylor and Francis
260 _c2005
365 _a
365 _b205
856 _uhttp://www.taylorfrancis.com/books/9780429485350
942 _cEBOOK
999 _c1784378
_d1784378